Around the World - Bangkok to London - Statistics

General Stats
  • This quiz has been taken 70 times
  • The average score is 12 of 21
Answer Stats
Answer % Correct
{Indian} Ocean
85%
River {Thames}
82%
Gulf of {Thailand}
81%
{Atlantic} Ocean
79%
{English} Channel
79%
{Suez} Canal
77%
Bay of {Bengal}
76%
{Mediterranean} Sea
73%
{North} Sea
71%
Strait of {Gibraltar}
69%
{Red} Sea
68%
{South China} Sea
63%
{Arabian} Sea
47%
Gulf of {Aden}
44%
{Andaman} Sea
42%
Strait of {Malacca}
40%
Gulf of {Suez}
26%
{Singapore} Strait
19%
{Alboran} Sea
16%
Bab el {Mandeb}
15%
{Laccadive} Sea
13%
No matching quizzes found
Score Distribution
Percent of People with Each Score
Percentile by Number Answered
Your Score History
You have not taken this quiz